| 000 | 00941nam a2200277Ia 4500 | ||
|---|---|---|---|
| 005 | 20220317000305.0 | ||
| 008 | 141031s9999 ck 000 0 spa d | ||
| 020 | _a997880823X | ||
| 100 | 1 |
_aMelville, Herman, _d1819-1891 |
|
| 245 | 1 | 0 |
_aBartleby, el escribiente ; Las encantadas _cHerman Melville ; estudio introductorio y notas de Valeria Molina Rueda |
| 250 | _a1a edición | ||
| 300 |
_a187 páginas _c23 cm. |
||
| 505 | _aBartleby, el escibiente -- Las encantdas | ||
| 650 | 1 | 4 |
_2LEMB _aNovela juvenil estadounidense |
| 650 | 1 | 4 |
_2LEMB _aMarineros _vNovela |
| 650 | 1 | 4 |
_2LEMB _aMar _vNovela |
| 700 |
_aMolina Rueda, Valeria, intro _913347 |
||
| 740 | _aBartleby, el escribiente \ Las encantadas | ||
| 942 |
_2loc _cBKLIT |
||
| 264 |
_aQuito _bLibresa _c2005 |
||
| 336 |
_atexto _btxt _2rdacontent |
||
| 337 |
_asin mediación _bn _2rdamedia |
||
| 338 |
_avolumen _bnc _2rdacarrier |
||
| 040 |
_aCO-BoRNBP _bspa _erda _cCO-BoRNBP |
||
| 084 | _aN MEL1 | ||
| 999 |
_c3635 _d3635 |
||